Pelangi senja
| Main Author: | |
|---|---|
| Format: | Book |
| Published: |
Kuala Lumpur :
DBP ,
1992
|
| Subjects: |
MARC
| LEADER | 00000cam a2200000 7i4500 | ||
|---|---|---|---|
| 001 | 0000006589 | ||
| 002 | 000007107 | ||
| 005 | 20000330.0 | ||
| 020 | |a 9836227822 | ||
| 090 | 0 | 0 | |a JF |b ABU |
| 100 | 0 | |a Abu Hassan Morad | |
| 245 | 1 | 0 | |a Pelangi senja |c Abu Hassan Morad |
| 260 | |a Kuala Lumpur : |b DBP , |c 1992 | ||
| 300 | |a 178p. ; |c 18cm. | ||
| 650 | 0 | 0 | |a Children's stories, Malay |
| 999 | |a 039872 |b BUKU |c PINJAMAN |e PERPUSTAKAAN KOMUNITI PETALING JAYA | ||